000
00321nam a22001337a 4500
020
_a
0-600-32123-1
082
_a
823
_b
BLY/C
100
_a
ENID BLYTON
245
_a
THE CHILDREN OF CHERRY-TREE FARM
260
_a
LONDON
_b
BEAVER BOOKS
_c
1979
300
_a
158
650
_a
CHILDREN'S STORY BOOK
_z
UNITED KINGDOM
942
_c
BK
999
_c
181
_d
181